=LDR 00000nam 2200000 4500 =001 INLIS000000000005404 =005 20130612093642 =008 ***********************************Ind** =035 ##$$a0010-061300000005404 =041 ##$$a Ind =082 ##$$a 618.2 =090 ##$$a 618.2, Fen s =100 ##$$a FENWICK, Elizabeth =245 ##$$a 101 tips terpenting kehamila, Elizabeth Fenwick, Alih Bahasa, Amalia Th. -- =650 ##$$a 2000 $b Jakarta =710 ##$$a 69 hlm, ilus, 20 cm =850 ##$$a Kehamilan =990 ##$$a 21196989/BPAP-NTB/2014